1510 1136 1683 1256 1166 1776 1053 1239 1173 1363 1061 1629 1238 1522 1715 1385 1342 1870 1763 1208 1890 1719 1109 1126 1843 1075 1929 1077 1381 1429 1502 1321 1335 1870 1316 1026 1061 1148 1704 1453 1764 1449 1232 1861 1127 1711 1104 1473 1223 1538 1421 1745 1310 1654 1167 1559 1635 1625 1535 1481 1775 1291 1224 1319 1107 1987 1421 1011 1625 1744 1772 1723 1311 1274 1833 1509 1948 1487 1565 1619 1662 1201 1336 1814 1878 1753 1860 1056 1824 1017 1087 1264 1326 1207 1556 1564 1431 1300 1978 BCNSPRNW ULIB Ver.6.0+V

เปลี่ยนเป็นภาษาไทย

Change to English
 แสดงรายละเอียดบรรณานุกรม
  กลับหน้าหลัก

Brief Record : Get Marc (ISO 2709) : E-mail record : QR code < ปิดหน้าต่าง
LEADER : 00000nam 2200000uu 4500
001    13399127010
003     ULIB
008    190929s2561||||th 000 0 tha d
020    ^a9786164740037
060    ^aWR100^bอ251บ
100    ^aอภิชัย อังสพัทธ์
245    ^aบาดแผลไฟไหม้น้ำร้อนลวก
250    ^aพิมพ์ครั้งที่ 1
260    ^aกรุงเทพฯ :^bปริ้นท์แอนด์มอร์,^c2561
300    ^a210 หน้า^bภาพประกอบ, ตาราง
650    ^aแผลไฟไหม้
650    ^aแผลน้ำร้อนลวก
650    ^aผิวหนัง
945    ^p400^l0^i27841
945    ^p400^l0^i27842
945    ^p400^l0^i27844
945    ^p400^l0^i27845
945    ^p400^l0^i27843
999    ^aกัณชพร จุลอักษร
รายการนี้ยังไม่มีแท็ก
คุณยังไม่ได้ล็อกอิน คุณสามารถมีกิจกรรมร่วมกับเว็บไซต์ได้ แต่ต้องล็อกอินก่อน ::
  ล็อกอิน

รายการสื่อสารสนเทศ

ลำดับที่ ประเภท เลขเรียก/บาร์โค้ด สถานที่ สถานะ
1. หนังสือสำรอง
หนังสือสำรอง
WR100 อ251บ ฉ.1 
  Barcode: 27841
ห้องสมุดวิทยาเขตนครสวรรค์
►หนังสือทั่วไป:l:General Books
บนชั้น
2. วิทยาศาสตร์การแพทย์ และสุขภาพ
วิทยาศาสตร์การแพทย์ และสุขภาพ
WR100 อ251บ ฉ.2 
  Barcode: 27842
ห้องสมุดวิทยาเขตนครสวรรค์
►หนังสือทั่วไป:l:General Books
บนชั้น
3. วิทยาศาสตร์การแพทย์ และสุขภาพ
วิทยาศาสตร์การแพทย์ และสุขภาพ
WR100 อ251บ ฉ.3 
  Barcode: 27843
ห้องสมุดวิทยาเขตนครสวรรค์
►หนังสือทั่วไป:l:General Books
บนชั้น
4. วิทยาศาสตร์การแพทย์ และสุขภาพ
วิทยาศาสตร์การแพทย์ และสุขภาพ
WR100 อ251บ ฉ.4 
  Barcode: 27844
ห้องสมุดวิทยาเขตนครสวรรค์
►หนังสือทั่วไป:l:General Books
บนชั้น
5. วิทยาศาสตร์การแพทย์ และสุขภาพ
วิทยาศาสตร์การแพทย์ และสุขภาพ
WR100 อ251บ ฉ.5 
  Barcode: 27845
ห้องสมุดวิทยาเขตนครสวรรค์
►หนังสือทั่วไป:l:General Books
บนชั้น

รายการใกล้เคียง
    ชื่อเรื่อง [บาดแผลไฟไหม้น้ำร้อนลวก]

    ผู้แต่ง [อภิชัย อังสพัทธ์]

    หัวเรื่อง [แผลไฟไหม้]
    หัวเรื่อง [แผลน้ำร้อนลวก]
    หัวเรื่อง [ผิวหนัง]

BibComment


ยังไม่เคยถูกคอมเมนท์

คอมเมนท์ทรัพยากรรายการนี้
  คอมเมนท์: บาดแผลไฟไหม้น้ำร..


 Copyright 2026. Bcnsprnw @Library